000 00575nam a2200181Ia 4500
003 GCL
008 140319s9999 xx 000 0 ara d
040 _aGCL /
_cGCL
082 0 4 _a191
_bد ت
100 1 _aدار الغرب الاسلامى
245 1 0 _aتدريس الفلسفة والبحث الفلسفى فى الوطن العربى /
_cدار الغرب الاسلامى
300 _a448 ص
490 _a
650 0 4 _aالفلسفة العربية
650 0 4 _aالفلسفة - طرق تدريس
650 0 4 _aالفلسفة - نظريات
942 _2ddc
_cBK
999 _c38683
_d38683